| 000 | 00740nam a22002417a 4500 | ||
|---|---|---|---|
| 005 | 20170124110022.0 | ||
| 010 | _aB-017550 | ||
| 020 |
_c00.00 _a0333933311 |
||
| 035 | _aB-017550 | ||
| 037 | _bCen Lib/Ret | ||
| 040 |
_aDPL _bEN |
||
| 082 |
_a338.62068 _bMAT |
||
| 100 |
_aMathur, B.P. _919912 |
||
| 245 |
_aPublic enterprise management / _cby B.P. Mathur |
||
| 250 | _a2nd ed | ||
| 260 |
_aNew Delhi _bMacmillan India _c1999 |
||
| 270 |
_a2/10, ansari road, dariya ganj _bNew Delhi _e110002 |
||
| 300 |
_aix, 306p. _c21cm(Hb) |
||
| 500 | _aincludes bibliographical references and index | ||
| 650 |
_aEnterprise management _919913 |
||
| 650 |
_aPrivate business _919914 |
||
| 942 |
_2ddc _cEN _h338.62068 _mMAT |
||
| 999 |
_c127253 _d127253 |
||